1985 supplement (unofficial) to the revised edition of the legislative enactments of Sri Lanka (Record no. 2768)

MARC details
000 -LEADER
fixed length control field 008630000a22002290004500
003 - CONTROL NUMBER IDENTIFIER
control field LK-CoMWRAF
005 - DATE AND TIME OF LATEST TRANSACTION
control field 20240315110253.0
008 - FIXED-LENGTH DATA ELEMENTS--GENERAL INFORMATION
fixed length control field 230817t1987 ||||| |||| 00| 0 eng d
040 ## - CATALOGING SOURCE
Original cataloging agency LK-CoMWRAF
Modifying agency LK-CoMWRAF
Description conventions LK-CoMWRAF
041 ## - LANGUAGE CODE
Language code of text/sound track or separate title English
082 ## - DEWEY DECIMAL CLASSIFICATION NUMBER
Classification number 348.5493
Item number SRI
942 ## - ADDED ENTRY ELEMENTS (KOHA)
Koha item type Books
110 ## - MAIN ENTRY--CORPORATE NAME
Corporate name or jurisdiction name as entry element Sri Lanka, Democratic Socialist Republic
700 ## - ADDED ENTRY--PERSONAL NAME
Personal name Deheragoda, E. R. K. D. M. Hector
Relator Term compiler
245 ## - TITLE STATEMENT
Title 1985 supplement (unofficial) to the revised edition of the legislative enactments of Sri Lanka
260 ## - PUBLICATION, DISTRIBUTION, ETC. (IMPRINT)
Place of publication, distribution, etc. Colombo:
Date of publication, distribution, etc. 1987
300 ## - PHYSICAL DESCRIPTION
Extent 69-89 p.
490 ## - SERIES STATEMENT
Series statement vol.I
Volume/sequential designation part 6 & 7
500 ## - GENERAL NOTE
General note Registration of documents, cooperative societies,factories, shops & office employees, employment of women, industrial disputes, employees councils, maternity benefits, wages boards
650 ## - SUBJECT ADDED ENTRY--TOPICAL TERM
Topical term or geographic name as entry element LAW-Sri Lanka
650 ## - SUBJECT ADDED ENTRY--TOPICAL TERM
Topical term or geographic name as entry element Civil law and procedure
Holdings
Withdrawn status Lost status Damaged status Not for loan Permanent Location Current Location Date acquired Full call number Barcode Koha item type
        Resource center, Muslim Women's Research And Action Forum Resource center, Muslim Women's Research And Action Forum 2023-08-17 348.5493 SRI RAF5166 Books

Copyright © 2023 Muslim Women's Research and Action Forum (MWRAF), No 27/3, Anderson Road, Kalubowila, Dehiwela. Funded by The Asia Fundation